Statistics for Capital Quiz - Abu Dhabi

Click here to take the quiz!

General Stats

  • This quiz has been taken 24 times
  • The average score is 6 of 15

Answer Stats

QuestionAnswer% Correct
Country Abu Dhabi is capital ofUnited Arab Emirates
100%
Main religion inside the cityIslam
95%
Abu Dhabi borders this body of waterPersian Gulf
77%
National airline headquartered hereEtihad Airways
73%
Most important natural resources extracted thereOil
73%
Peninsula in which the above is locatedArabian
64%
The city's highest building that has a very similar name to the highest building in the USWorld Trade Center
36%
Bridges that connect the city to the mainlandMaqta
23%
Bridges that connect the city to the mainlandMussafa
18%
Major soccer team of the cityAl-Jazira Club
9%
What "Abu Dhabi" means in arabicDeer Father
9%
Most important natural resources extracted in the cityNatural Gas
9%
Removing a cross, this country's flag is exaclty the same as the EmirateTonga
9%
Leader of both Abu Dhabi and it's countryAl Nahyan
5%
World's third largest mosque located hereSheihk Zayed
5%

Score Distribution

Percentile by Number Answered

Percent of People with Each Score

Your Score History

You have not taken this quiz